000 00747cab a2200229 4500
001 WB3239-44
008 090401t1996 xxu||||| |||| 00| 0 eng d
035 _a(Sirsi) u27537
041 _aeng
245 _aRussia `riskiest of new markets`
260 _c1996
350 _a0
490 _aFinancial Times
_v18 October 1996, 3(1)
520 _aCrime, extortion and a thriving black economy make Russia the riskiest of emerging markets, according to a survey by the Merchant International Group. China is rated second most risky country.
650 _aEMERGING MARKETS
650 _aMERCHANT INTERNATIONAL GROUP
650 _aOVERSEAS INVESTMENT
650 _aRUSSIA
690 _aOVERSEAS-EUROPE
942 _n0
948 _c04/03/1997
999 _c18539
_d18539